Mistrzowie ligii rosyjskiej od 2010 roku. - Statystyki

Ogólne statystyki
  • Ten quiz został rozwiązany 219 razy
  • Średni wynik to 9 z 10
Statystyki odpowiedzi
sezon klub % Poprawnych
2010 Zenit
99%
2011/2012 Zenit
99%
2014/2015 Zenit
99%
2018/2019 Zenit
99%
2019/2020 lider Zenit
99%
2012/2013 CSKA
95%
2013/2014 CSKA
95%
2015/2016 CSKA
95%
2016/2017 Spartak
80%
2017/2018 Lokomotiw
66%
Nie znaleziono quizów pasujących do podanych kryteriów
Rozkład punktacji
Procent ludzi z każdym wynikiem
Percentyl według liczby udzielonych odpowiedzi
Twoja historia wyników
Nie rozwiązałeś tego quizu